00000000nam##2200000za#4500
0019.679858
003CaOODSP
00520200330062358
007ta
008150407|1981||||xxc|||||     f|0| 0 fre|d
020 |a0-660-90755-0
040 |aCaOODSP|bfre
043 |an-cn---
0861 |aH46-2/80-65F
1101 |aCanada.|bSanté Canada. |bDirection de l'hygiène du milieu.
24510|aCode de sécurité 20A: les appareils radiographiques en diagnostic médical partie a: techniques de sécurité recommandées pour l'installation et l'utilisation
260 |aOttawa - Ontario : |bSanté Canada. |c©1981, réimprimé 1992, 1996.
300 |a112p. : |bréférences, tableaux ; |c22 cm.
500 |a«Le présent document appartient à une série de codes de sécurité préparés par le Bureau de la radioprotection afin d'établir les règlements de sécurité dans l'utilisation des appareils émetteurs de radiation. Ce document comporte des chapitres destinés à guider spécifiquement le radiologiste, le médecin, l'opérateur ainsi que le physicien, médical ou sanitaire, concernés par des techniques sûres, le rendement des appareils et les enquêtes sur la protection. Les techniques de sécurité, les appareils et les installations décrits dans le présent Code sont principalement des outils de formation et doivent servir à guider les personnes travaillant dans les agences et services publics fédéraux de même que ceux qui sont régis par le Code du travail du Canada.»--Notes explicatives.
5203 |aLe présent document appartient à une série de codes de sécurité préparés par le Bureau de la radioprotection afin d'établir les règlements de sécurité dans l'utilisation des appareils émetteurs de radiation. Ce document comporte des chapitres destinés à guider spécifiquement le radiologiste, le médecin, l'opérateur ainsi que le physicien, médical ou sanitaire, concernés par des techniques sûres, le rendement des appareils et les enquêtes sur la protection. Les techniques de sécurité, les appareils et les installations décrits dans le présent Code sont principalement des outils de formation et doivent servir à guider les personnes travaillant dans les agences et services publics fédéraux de même que ceux qui sont régis par le Code du travail du Canada.--Notes explicatives
563 |aCouverture souple
590 |a96-31|b1996-08-02
69107|aRadiation|2gcpds
77508|tSafety code 20A: x-ray equipment in medical diagnosis part a: recommended safety procedures for installation and use |w(CaOODSP)9.646296
986 |a80-DHM-65